[Event "Vina del Mar CEPA 6th"]
[Site "Vina del Mar"]
[Date "2018.05.26"]
[Round "4.1"]
[White "Mossuto Frez, Enzo"]
[Black "Sepulveda Rojas, Jorge Moises"]
[Result "1/2-1/2"]
[WhiteElo "1936"]
[BlackElo "2207"]
[PlyCount "70"]
[EventDate "2018.05.25"]
[EventType "swiss"]
[EventRounds "5"]
[EventCountry "CHI"]
[SourceTitle "EXT 2024"]
[Source "ChessBase"]
[SourceDate "2023.10.10"]
[SourceVersion "1"]
[SourceVersionDate "2023.10.10"]
[SourceQuality "1"]

1. e4 c5 2. c3 d5 3. exd5 Qxd5 4. d4 Nc6 5. Nf3 Bf5 6. Bb5 cxd4 7. Bxc6+ Qxc6 8. Qxd4 Rd8 9. Qxa7 Bxb1 10. Nd4 Rxd4 11. Qxd4 Qe4+ 12. Be3 Qxd4 13. Bxd4 Be4 14. f3 Bc6 15. Kf2 e6 16. a4 Ne7 17. b4 Nf5 18. Bb6 Be7 19. b5 Bd5 20. c4 Bxc4 21. Rhc1 Nd6 22. Bc7 Bf6 23. Bxd6 Bxa1 24. Rxa1 Kd7 25. Be5 f6 26. Rc1 Rc8 27. Bf4 e5 28. Be3 Bb3 29. Rxc8 Kxc8 30. a5 Bc4 31. b6 Kd7 32. Bd2 Ke6 33. Ke3 f5 34. f4 exf4+ 35. Kxf4 h6 1/2-1/2

[Event "Vina del Mar CEPA 6th"]
[Site "Vina del Mar"]
[Date "2018.05.25"]
[Round "1.3"]
[White "Mossuto Frez, Enzo"]
[Black "Villegas Ampuero, Consuelo"]
[Result "1-0"]
[WhiteElo "1936"]
[BlackElo "1088"]
[PlyCount "91"]
[EventDate "2018.05.25"]
[EventType "swiss"]
[EventRounds "5"]
[EventCountry "CHI"]
[SourceTitle "EXT 2024"]
[Source "ChessBase"]
[SourceDate "2023.10.10"]
[SourceVersion "1"]
[SourceVersionDate "2023.10.10"]
[SourceQuality "1"]

1. e4 e5 2. f4 exf4 3. Nf3 Nc6 4. d4 d5 5. exd5 Qxd5 6. Bxf4 Bd6 7. Bxd6 cxd6 8. Nc3 Qe6+ 9. Qe2 Qxe2+ 10. Bxe2 Bf5 11. 0-0-0 0-0-0 12. Bc4 Nh6 13. h3 Be6 14. d5 Na5 15. Be2 Bxd5 16. Rxd5 Nc6 17. Rhd1 Ne5 18. Rxd6 Nxf3 19. Rxd8+ Rxd8 20. Rxd8+ Kxd8 21. Bxf3 Kc7 22. Ne4 f5 23. Ng5 g6 24. Nxh7 Nf7 25. Nf8 g5 26. Bh5 Nd6 27. Ne6+ Kc6 28. Nxg5 Nc4 29. Bf3+ Kb6 30. h4 Ne5 31. h5 Nd7 32. h6 Nf6 33. Kd2 Kc7 34. Ke3 b6 35. Kf4 Kd6 36. Kxf5 Ke7 37. g4 a5 38. Bc6 Nxg4 39. h7 Nh6+ 40. Kf4 Nf7 41. Nxf7 Kxf7 42. h8Q Ke6 43. Qe5+ Kf7 44. Bd5+ Kg6 45. Qg5+ Kh7 46. Kf5 1-0